000 00203nam a22000857a 4500
008 160805b xxu||||| |||| 00| 0 eng d
100 _950
_aScholastic J
245 _aRascal Starling North
260 _aUSA
_c1990
999 _c2702
_d2702